| 000 | 00426pab a2200157 454500 | ||
|---|---|---|---|
| 008 | 180718b1986 xxu||||| |||| 00| 0 eng d | ||
| 100 | _aSharma, K.K. | ||
| 245 | _aWorking capital management in a State Transport Undertaking | ||
| 260 | _c1986 | ||
| 300 | _a17-20 | ||
| 362 | _aJan. | ||
| 650 | _aTransportation - India - Rajasthan | ||
| 700 | _aR.K. Agarwal | ||
| 773 | _aJournal of Transport Management | ||
| 909 | _a19587 | ||
| 999 |
_c19587 _d19587 |
||